000 00670nam a2200241Ia 4500
005 20180814102923.0
008 131103s9999 xx 000 0 und d
020 _a70177813
040 _aLoreto College
041 _aEnglish
082 _a330
_bFIS
100 _aFischer,Stanley
245 _aEconomics
_cStanley Fisher,Rudiger Dornbusch [and] Richard Schmalensee
250 _a2nd ed.
260 _aNew York
_bMcGraw - Hill Book Co.
_c1988
300 _axlii,813 p.
_b ill.,fig.,tables
440 _aMcGraw - Hill International Editions
504 _aIncludes index
650 _aEconomics
700 _aDornbusch,Rudiger
850 _aLCLIB
942 _cBK
999 _c7645
_d58124